[Event "Kadettlandskamp NOR-SWE A 2018"]
[Site "NTG, Bærum, Norway"]
[Date "2018.12.15"]
[Round "6.5"]
[White "Trost, Edvin"]
[Black "Vestby-Ellingsen, Mads"]
[Result "1-0"]
[BlackTitle "FM"]
[WhiteFideId "1729519"]
[BlackFideId "1520857"]
[WhiteElo "1856"]
[BlackElo "2009"]

1. e4 {[%clk 00:15:18]} {[%emt 00:00:01]} e5 {[%clk 00:15:18]} {[%emt
00:00:02]} 2. Nf3 {[%clk 00:15:26]} {[%emt 00:00:02]} Nc6 {[%clk 00:15:26]}
{[%emt 00:00:02]} 3. Bb5 {[%clk 00:15:34]} {[%emt 00:00:02]} a6 {[%clk
00:15:34]} {[%emt 00:00:02]} 4. Ba4 {[%clk 00:15:43]} Nf6 {[%clk 00:15:42]}
{[%emt 00:00:03]} 5. O-O {[%clk 00:15:52]} {[%emt 00:00:02]} Be7 {[%clk
00:15:50]} {[%emt 00:00:01]} 6. Re1 {[%clk 00:15:59]} {[%emt 00:00:03]} b5
{[%clk 00:15:58]} {[%emt 00:00:02]} 7. Bb3 {[%clk 00:16:08]} d6 {[%clk
00:16:03]} {[%emt 00:00:05]} 8. c3 {[%clk 00:16:17]} {[%emt 00:00:03]} O-O
{[%clk 00:16:08]} {[%emt 00:00:03]} 9. d4 {[%clk 00:16:10]} {[%emt 00:00:17]}
Bg4 {[%clk 00:16:13]} {[%emt 00:00:05]} 10. d5 {[%clk 00:15:55]} {[%emt
00:00:26]} Na5 {[%clk 00:16:19]} {[%emt 00:00:03]} 11. Bc2 {[%clk 00:15:59]}
{[%emt 00:00:07]} Qc8 {[%clk 00:16:05]} {[%emt 00:00:24]} 12. h3 {[%clk
00:15:58]} {[%emt 00:00:11]} Bd7 {[%clk 00:16:12]} {[%emt 00:00:03]} 13. b3
{[%clk 00:15:54]} {[%emt 00:00:15]} c6 {[%clk 00:16:14]} {[%emt 00:00:07]} 14.
Qd2 {[%clk 00:14:30]} {[%emt 00:01:34]} Qc7 {[%clk 00:15:45]} {[%emt 00:00:38]}
15. Ba3 {[%clk 00:13:23]} {[%emt 00:01:19]} c5 {[%clk 00:13:44]} {[%emt
00:02:11]} 16. Qe2 {[%clk 00:13:00]} {[%emt 00:00:33]} c4 {[%clk 00:13:23]}
{[%emt 00:00:31]} 17. Nxe5 {[%clk 00:12:25]} {[%emt 00:00:45]} Bxh3 {[%clk
00:11:17]} {[%emt 00:02:16]} 18. Nf3 {[%clk 00:12:03]} {[%emt 00:00:33]} Bg4
{[%clk 00:11:04]} {[%emt 00:00:21]} 19. b4 {[%clk 00:12:02]} {[%emt 00:00:12]}
Nb7 {[%clk 00:11:11]} {[%emt 00:00:02]} 20. Bc1 {[%clk 00:12:11]} {[%emt
00:00:02]} Nd7 {[%clk 00:10:24]} {[%emt 00:00:57]} 21. a4 {[%clk 00:11:43]}
{[%emt 00:00:38]} Bf6 {[%clk 00:09:53]} {[%emt 00:00:41]} 22. Qe3 {[%clk
00:10:56]} {[%emt 00:00:58]} bxa4 {[%clk 00:07:20]} {[%emt 00:02:43]} 23. Na3
{[%clk 00:09:54]} {[%emt 00:01:12]} a5 {[%clk 00:07:02]} {[%emt 00:00:27]} 24.
b5 {[%clk 00:08:32]} {[%emt 00:01:33]} Nb6 {[%clk 00:05:20]} {[%emt 00:01:52]}
25. Nd4 {[%clk 00:07:27]} {[%emt 00:01:15]} Nc5 {[%clk 00:04:43]} {[%emt
00:00:47]} 26. f3 {[%clk 00:07:29]} {[%emt 00:00:08]} Bd7 {[%clk 00:04:38]}
{[%emt 00:00:15]} 27. Rb1 {[%clk 00:07:16]} {[%emt 00:00:24]} Rfe8 {[%clk
00:04:32]} {[%emt 00:00:15]} 28. Qf2 {[%clk 00:07:25]} Nb3 {[%clk 00:04:29]}
{[%emt 00:00:14]} 29. Be3 {[%clk 00:07:16]} {[%emt 00:00:19]} Rac8 {[%clk
00:02:15]} {[%emt 00:02:24]} 30. Nc6 {[%clk 00:05:36]} {[%emt 00:01:50]} Na8
{[%clk 00:01:50]} {[%emt 00:00:35]} 31. Nxc4 {[%clk 00:05:36]} {[%emt
00:00:10]} Bxc6 {[%clk 00:01:35]} {[%emt 00:00:25]} 32. dxc6 {[%clk 00:05:06]}
{[%emt 00:00:41]} Bxc3 {[%clk 00:01:42]} {[%emt 00:00:01]} 33. Red1 {[%clk
00:05:13]} {[%emt 00:00:02]} Rcd8 {[%clk 00:00:59]} {[%emt 00:00:54]} 34. Bxb3
{[%clk 00:05:21]} {[%emt 00:00:03]} axb3 {[%clk 00:01:07]} {[%emt 00:00:02]} 35.
Rxb3 {[%clk 00:05:26]} {[%emt 00:00:04]} Bb4 {[%clk 00:00:33]} {[%emt
00:00:43]} 36. Rbd3 {[%clk 00:05:11]} {[%emt 00:00:26]} Rb8 {[%clk 00:00:33]}
{[%emt 00:00:10]} 37. Rd5 {[%clk 00:04:56]} {[%emt 00:00:25]} Qe7 {[%clk
00:00:17]} {[%emt 00:00:26]} 38. b6 {[%clk 00:04:20]} {[%emt 00:00:46]} Rbc8
{[%clk 00:00:17]} {[%emt 00:00:10]} 39. b7 {[%clk 00:03:54]} {[%emt 00:00:36]}
Rxc6 {[%clk 00:00:25]} {[%emt 00:00:02]} 40. bxa8=Q {[%clk 00:04:01]} {[%emt
00:00:04]} Rxa8 {[%clk 00:00:32]} {[%emt 00:00:03]} 41. Nb6 {[%clk 00:03:53]}
{[%emt 00:00:17]} Rb8 {[%clk 00:00:37]} {[%emt 00:00:04]} 42. Na4 {[%clk
00:03:59]} {[%emt 00:00:05]} Qc7 {[%clk 00:00:31]} {[%emt 00:00:16]} 43. Qg3
{[%clk 00:04:00]} {[%emt 00:00:09]} f6 {[%clk 00:00:23]} {[%emt 00:00:18]} 44.
Bf4 {[%clk 00:03:33]} {[%emt 00:00:37]} Rd8 {[%clk 00:00:16]} {[%emt 00:00:17]}
45. Nb2 {[%clk 00:03:12]} {[%emt 00:00:32]} Rc2 {[%clk 00:00:19]} {[%emt
00:00:07]} 46. Nd3 {[%clk 00:03:16]} {[%emt 00:00:07]} Ba3 {[%clk 00:00:12]}
{[%emt 00:00:17]} 47. Kh1 {[%clk 00:02:44]} {[%emt 00:00:41]} a4 {[%clk
00:00:20]} {[%emt 00:00:02]} 48. Nf2 {[%clk 00:02:51]} {[%emt 00:00:03]} Qc4
{[%clk 00:00:12]} {[%emt 00:00:18]} 49. Ng4 {[%clk 00:02:37]} {[%emt 00:00:23]}
Kh8 {[%clk 00:00:19]} {[%emt 00:00:04]} 50. Ne3 {[%clk 00:02:42]} {[%emt
00:00:03]} Qe2 {[%clk 00:00:18]} {[%emt 00:00:12]} 51. Nxc2 {[%clk 00:02:50]}
{[%emt 00:00:03]} Qxc2 {[%clk 00:00:26]} {[%emt 00:00:02]} 52. Bxd6 {[%clk
00:02:48]} {[%emt 00:00:13]} Bxd6 {[%clk 00:00:22]} {[%emt 00:00:15]} 53. Rxd6
{[%clk 00:02:57]} {[%emt 00:00:02]} Qxd1+ {[%clk 00:00:21]} {[%emt 00:00:09]}
54. Rxd1 {[%clk 00:03:06]} {[%emt 00:00:02]} Rxd1+ {[%clk 00:00:30]} {[%emt
00:00:02]} 55. Kh2 {[%clk 00:03:16]} h6 {[%clk 00:00:29]} {[%emt 00:00:11]} 56.
Qb8+ {[%clk 00:03:22]} {[%emt 00:00:04]} Kh7 {[%clk 00:00:36]} {[%emt
00:00:02]} 57. Qb4 {[%clk 00:03:16]} {[%emt 00:00:13]} Ra1 {[%clk 00:00:44]}
{[%emt 00:00:04]} 58. Qb2 {[%clk 00:03:25]} {[%emt 00:00:02]} Rd1 {[%clk
00:00:34]} {[%emt 00:00:18]} 59. Qc2 {[%clk 00:03:23]} {[%emt 00:00:13]} Rd4
{[%clk 00:00:16]} {[%emt 00:00:29]} 60. Kg3 {[%clk 00:02:53]} {[%emt 00:00:40]}
Kg8 {[%clk 00:00:20]} {[%emt 00:00:06]} 61. Kf4 {[%clk 00:02:55]} {[%emt
00:00:08]} Rb4 {[%clk 00:00:12]} {[%emt 00:00:19]} 62. Qc3 {[%clk 00:02:51]}
{[%emt 00:00:14]} Rb5 {[%clk 00:00:12]} {[%emt 00:00:12]} 63. Qc4+ {[%clk
00:02:58]} {[%emt 00:00:02]} Ra5 {[%clk 00:00:15]} {[%emt 00:00:06]} 1-0

[Event "Kadettlandskamp NOR-SWE A 2018"]
[Site "NTG, Bærum, Norway"]
[Date "2018.12.15"]
[Round "6.6"]
[White "Lund, Gunnar"]
[Black "Wernberg, Hugo"]
[Result "0-1"]
[WhiteFideId "1520814"]
[BlackFideId "1737511"]
[WhiteElo "2006"]
[BlackElo "1796"]

1. d4 {[%clk 00:15:18]} {[%emt 00:00:02]} Nf6 {[%clk 00:15:18]} {[%emt
00:00:02]} 2. Nf3 {[%clk 00:15:26]} {[%emt 00:00:02]} d5 {[%clk 00:15:16]}
{[%emt 00:00:11]} 3. Bf4 {[%clk 00:15:29]} {[%emt 00:00:07]} e6 {[%clk
00:15:17]} {[%emt 00:00:09]} 4. e3 {[%clk 00:15:33]} {[%emt 00:00:06]} c5
{[%clk 00:15:25]} {[%emt 00:00:01]} 5. c3 {[%clk 00:15:40]} {[%emt 00:00:04]}
Nc6 {[%clk 00:15:34]} {[%emt 00:00:02]} 6. Nbd2 {[%clk 00:15:46]} {[%emt
00:00:03]} Be7 {[%clk 00:15:42]} {[%emt 00:00:02]} 7. Bd3 {[%clk 00:15:54]}
{[%emt 00:00:03]} Nh5 {[%clk 00:15:46]} {[%emt 00:00:06]} 8. Bg3 {[%clk
00:15:55]} {[%emt 00:00:08]} Nxg3 {[%clk 00:15:42]} {[%emt 00:00:14]} 9. hxg3
{[%clk 00:16:04]} {[%emt 00:00:02]} h6 {[%clk 00:15:51]} {[%emt 00:00:01]} 10.
Qe2 {[%clk 00:16:12]} {[%emt 00:00:02]} cxd4 {[%clk 00:15:33]} {[%emt
00:00:27]} 11. exd4 {[%clk 00:16:16]} {[%emt 00:00:07]} Bf6 {[%emt 00:00:21]}
12. O-O-O {[%clk 00:16:15]} {[%emt 00:00:06]} Bd7 {[%clk 00:15:31]} {[%emt
00:00:04]} 13. Ne5 {[%clk 00:14:53]} {[%emt 00:01:32]} Qc7 {[%clk 00:13:46]}
{[%emt 00:01:55]} 14. Nxd7 {[%clk 00:14:36]} {[%emt 00:00:28]} Qxd7 {[%clk
00:13:47]} {[%emt 00:00:08]} 15. f4 {[%clk 00:14:42]} {[%emt 00:00:04]} O-O-O
{[%clk 00:13:41]} {[%emt 00:00:16]} 16. Nf3 {[%clk 00:14:50]} {[%emt 00:00:03]}
Kb8 {[%clk 00:13:03]} {[%emt 00:00:48]} 17. Kb1 {[%clk 00:14:58]} {[%emt
00:00:01]} Rhe8 {[%clk 00:10:30]} {[%emt 00:02:43]} 18. g4 {[%clk 00:14:53]}
{[%emt 00:00:15]} Be7 {[%clk 00:10:07]} {[%emt 00:00:32]} 19. Rde1 {[%clk
00:14:59]} {[%emt 00:00:05]} Bd6 {[%clk 00:09:49]} {[%emt 00:00:28]} 20. Ne5
{[%clk 00:14:43]} {[%emt 00:00:26]} Qc7 {[%clk 00:09:49]} {[%emt 00:00:09]} 21.
Bb5 {[%clk 00:14:44]} {[%emt 00:00:10]} f6 {[%clk 00:09:36]} {[%emt 00:00:24]}
22. Bxc6 {[%clk 00:13:32]} {[%emt 00:01:22]} bxc6 {[%clk 00:09:33]} {[%emt
00:00:12]} 23. Nd3 {[%clk 00:13:41]} {[%emt 00:00:01]} Re7 {[%clk 00:08:53]}
{[%emt 00:00:50]} 24. g3 {[%clk 00:13:41]} {[%emt 00:00:10]} Rde8 {[%clk
00:09:00]} {[%emt 00:00:03]} 25. Rh5 {[%clk 00:13:28]} {[%emt 00:00:24]} c5
{[%clk 00:04:56]} {[%emt 00:04:13]} 26. dxc5 {[%clk 00:13:03]} {[%emt
00:00:37]} Bxc5 {[%clk 00:05:04]} {[%emt 00:00:01]} 27. g5 {[%clk 00:13:05]}
{[%emt 00:00:08]} hxg5 {[%clk 00:05:01]} {[%emt 00:00:12]} 28. fxg5 {[%clk
00:13:14]} {[%emt 00:00:02]} Bd6 {[%clk 00:04:57]} {[%emt 00:00:14]} 29. gxf6
{[%clk 00:13:05]} {[%emt 00:00:19]} gxf6 {[%clk 00:05:05]} {[%emt 00:00:01]} 30.
Rf1 {[%clk 00:13:11]} {[%emt 00:00:04]} f5 {[%clk 00:03:57]} {[%emt 00:01:19]}
31. Nf4 {[%clk 00:11:30]} {[%emt 00:01:50]} Bxf4 {[%clk 00:03:44]} {[%emt
00:00:23]} 32. gxf4 {[%clk 00:11:37]} {[%emt 00:00:04]} Qd7 {[%clk 00:03:31]}
{[%emt 00:00:22]} 33. Qe5+ {[%clk 00:11:06]} {[%emt 00:00:41]} Qc7 {[%clk
00:03:39]} {[%emt 00:00:01]} 34. Qd4 {[%clk 00:11:10]} {[%emt 00:00:06]} Qb6
{[%clk 00:03:45]} {[%emt 00:00:04]} 35. Qd3 {[%clk 00:11:18]} {[%emt 00:00:03]}
Qd6 {[%clk 00:03:23]} {[%emt 00:00:31]} 36. Rh6 {[%clk 00:11:20]} {[%emt
00:00:08]} Qd7 {[%clk 00:03:12]} {[%emt 00:00:21]} 37. Rf6 {[%clk 00:10:39]}
{[%emt 00:00:51]} Rc8 {[%clk 00:02:46]} {[%emt 00:00:35]} 38. Re1 {[%clk
00:10:35]} {[%emt 00:00:15]} Rc4 {[%clk 00:02:33]} {[%emt 00:00:22]} 39. Qg3
{[%clk 00:09:58]} {[%emt 00:00:47]} Re4 {[%clk 00:02:37]} {[%emt 00:00:06]} 40.
Rh1 {[%clk 00:10:04]} {[%emt 00:00:05]} Qb5 {[%clk 00:02:17]} {[%emt 00:00:29]}
41. Rf8+ {[%clk 00:09:49]} {[%emt 00:00:25]} Kb7 {[%clk 00:02:07]} {[%emt
00:00:20]} 42. Qg8 {[%clk 00:09:16]} {[%emt 00:00:44]} Ka6 {[%clk 00:01:26]}
{[%emt 00:00:51]} 43. Rb8 {[%clk 00:08:50]} {[%emt 00:00:37]} Rb7 {[%clk
00:01:33]} {[%emt 00:00:02]} 44. Qc8 {[%clk 00:08:49]} {[%emt 00:00:12]} Qxb2#
{[%clk 00:01:39]} {[%emt 00:00:04]} 0-1

[Event "Kadettlandskamp NOR-SWE A 2018"]
[Site "NTG, Bærum, Norway"]
[Date "2018.12.15"]
[Round "7.1"]
[White "Kaasen, Tor Fredrik"]
[Black "Carlsson, Ludvig"]
[Result "1-0"]
[WhiteTitle "IM"]
[BlackTitle "CM"]
[WhiteFideId "1516647"]
[BlackFideId "1727010"]
[WhiteElo "2106"]
[BlackElo "1978"]

1. d4 {[%clk 00:15:17]} {[%emt 00:00:03]} Nf6 {[%clk 00:15:12]} {[%emt
00:00:08]} 2. c4 {[%clk 00:15:25]} {[%emt 00:00:02]} g6 {[%clk 00:15:19]}
{[%emt 00:00:02]} 3. Nc3 {[%clk 00:15:33]} {[%emt 00:00:03]} d5 {[%clk
00:15:28]} 4. cxd5 {[%clk 00:15:36]} {[%emt 00:00:08]} Nxd5 {[%clk 00:15:36]}
{[%emt 00:00:01]} 5. e4 {[%clk 00:15:43]} {[%emt 00:00:03]} Nxc3 {[%clk
00:15:44]} {[%emt 00:00:02]} 6. bxc3 {[%clk 00:15:52]} {[%emt 00:00:02]} Bg7
{[%clk 00:15:52]} 7. Qa4+ {[%clk 00:15:54]} {[%emt 00:00:09]} Nd7 {[%clk
00:15:58]} {[%emt 00:00:03]} 8. Nf3 {[%clk 00:16:00]} {[%emt 00:00:04]} O-O
{[%clk 00:16:04]} {[%emt 00:00:04]} 9. Be2 {[%clk 00:16:06]} {[%emt 00:00:05]}
c5 {[%clk 00:16:11]} {[%emt 00:00:02]} 10. Be3 {[%clk 00:15:28]} {[%emt
00:00:47]} cxd4 {[%clk 00:15:45]} {[%emt 00:00:37]} 11. cxd4 {[%clk 00:15:32]}
{[%emt 00:00:06]} Nb6 {[%clk 00:15:02]} {[%emt 00:00:53]} 12. Qb4 {[%clk
00:15:03]} {[%emt 00:00:39]} Bg4 {[%clk 00:14:45]} {[%emt 00:00:26]} 13. O-O
{[%clk 00:14:50]} {[%emt 00:00:24]} Rc8 {[%clk 00:14:53]} {[%emt 00:00:02]} 14.
Rac1 {[%clk 00:13:53]} {[%emt 00:01:07]} Qd7 {[%clk 00:14:46]} {[%emt
00:00:17]} 15. Bb5 {[%clk 00:13:16]} {[%emt 00:00:47]} Qd6 {[%clk 00:13:53]}
{[%emt 00:01:03]} 16. Qxd6 {[%clk 00:12:15]} {[%emt 00:01:11]} exd6 {[%clk
00:14:00]} {[%emt 00:00:03]} 17. d5 {[%clk 00:12:22]} {[%emt 00:00:03]} Bd7
{[%clk 00:13:44]} {[%emt 00:00:26]} 18. a4 {[%clk 00:12:15]} {[%emt 00:00:17]}
Rfe8 {[%clk 00:13:10]} {[%emt 00:00:43]} 19. Nd2 {[%clk 00:12:00]} {[%emt
00:00:25]} Bc3 {[%clk 00:12:51]} {[%emt 00:00:29]} 20. f3 {[%clk 00:08:48]}
{[%emt 00:03:23]} Bxb5 {[%clk 00:12:18]} {[%emt 00:00:43]} 21. axb5 {[%clk
00:08:45]} {[%emt 00:00:13]} Nxd5 {[%clk 00:12:18]} {[%emt 00:00:10]} 22. exd5
{[%clk 00:08:19]} {[%emt 00:00:36]} Rxe3 {[%clk 00:12:24]} {[%emt 00:00:04]} 23.
Ne4 {[%clk 00:08:28]} Rc7 {[%clk 00:10:03]} {[%emt 00:02:31]} 24. Kf2 {[%clk
00:06:24]} {[%emt 00:02:14]} Bd4 {[%clk 00:10:11]} {[%emt 00:00:02]} 25. Rxc7
{[%clk 00:06:23]} {[%emt 00:00:11]} Rc3+ {[%clk 00:10:19]} {[%emt 00:00:02]} 26.
Ke2 {[%clk 00:06:32]} {[%emt 00:00:01]} Rxc7 {[%clk 00:10:26]} {[%emt
00:00:03]} 27. Nxd6 {[%clk 00:06:04]} {[%emt 00:00:38]} Rd7 {[%clk 00:10:16]}
{[%emt 00:00:21]} 28. Rd1 {[%clk 00:06:10]} {[%emt 00:00:03]} Rxd6 {[%clk
00:06:53]} {[%emt 00:03:32]} 29. Rxd4 {[%clk 00:06:19]} {[%emt 00:00:02]} Kg7
{[%clk 00:06:56]} {[%emt 00:00:07]} 30. Kd3 {[%clk 00:06:23]} {[%emt 00:00:06]}
b6 {[%clk 00:06:59]} {[%emt 00:00:07]} 31. Ke4 {[%clk 00:06:11]} {[%emt
00:00:22]} Kf6 {[%clk 00:07:02]} {[%emt 00:00:06]} 32. Rc4 {[%clk 00:06:16]}
{[%emt 00:00:06]} Ke7 {[%clk 00:06:46]} {[%emt 00:00:25]} 33. Rc7+ {[%clk
00:05:00]} {[%emt 00:01:26]} Rd7 34. Rxd7+ {[%clk 00:04:07]} Kxd7 {[%emt
00:00:02]} 35. Ke5 Ke7 {[%clk 00:05:28]} {[%emt 00:01:42]} 36. d6+ {[%clk
00:04:14]} {[%emt 00:00:13]} Kd7 {[%clk 00:05:35]} {[%emt 00:00:02]} 37. Kd5
{[%clk 00:03:45]} {[%emt 00:00:39]} f6 {[%clk 00:05:38]} {[%emt 00:00:06]} 38.
f4 {[%clk 00:02:54]} {[%emt 00:01:01]} f5 {[%clk 00:03:58]} {[%emt 00:01:50]}
39. h4 {[%clk 00:02:50]} {[%emt 00:00:14]} h6 {[%clk 00:03:49]} {[%emt
00:00:20]} 40. Ke5 {[%clk 00:02:53]} {[%emt 00:00:07]} 1-0

[Event "Kadettlandskamp NOR-SWE A 2018"]
[Site "NTG, Bærum, Norway"]
[Date "2018.12.15"]
[Round "7.2"]
[White "Törngren, Gustav"]
[Black "Vestby-Ellingsen, Mads"]
[Result "1-0"]
[BlackTitle "FM"]
[WhiteFideId "1728970"]
[BlackFideId "1520857"]
[WhiteElo "1909"]
[BlackElo "2009"]

1. d4 {[%clk 00:15:07]} {[%emt 00:00:12]} d5 {[%clk 00:15:05]} {[%emt
00:00:14]} 2. c4 {[%clk 00:15:13]} {[%emt 00:00:05]} dxc4 {[%clk 00:15:09]}
{[%emt 00:00:05]} 3. e4 {[%clk 00:15:12]} {[%emt 00:00:12]} b5 {[%clk
00:15:16]} {[%emt 00:00:03]} 4. a4 {[%clk 00:15:19]} {[%emt 00:00:04]} c6
{[%clk 00:15:22]} {[%emt 00:00:03]} 5. Nc3 {[%clk 00:15:09]} {[%emt 00:00:20]}
a6 {[%clk 00:15:28]} {[%emt 00:00:03]} 6. axb5 {[%clk 00:15:11]} {[%emt
00:00:09]} cxb5 {[%clk 00:15:35]} {[%emt 00:00:03]} 7. Nxb5 {[%clk 00:15:19]}
{[%emt 00:00:02]} axb5 {[%clk 00:15:41]} {[%emt 00:00:03]} 8. Rxa8 {[%clk
00:15:28]} {[%emt 00:00:02]} Bb7 {[%clk 00:15:48]} {[%emt 00:00:02]} 9. Ra1
{[%clk 00:15:23]} {[%emt 00:00:15]} e6 {[%clk 00:15:54]} {[%emt 00:00:04]} 10.
Be2 {[%clk 00:14:34]} {[%emt 00:01:00]} Bxe4 {[%clk 00:13:01]} {[%emt
00:03:03]} 11. Nf3 {[%clk 00:14:07]} {[%emt 00:00:38]} Nf6 {[%clk 00:13:05]}
{[%emt 00:00:05]} 12. O-O {[%clk 00:14:14]} {[%emt 00:00:04]} Nd5 {[%clk
00:13:06]} {[%emt 00:00:07]} 13. Ne5 {[%clk 00:12:53]} {[%emt 00:01:33]} Bd6
{[%emt 00:05:10]} 14. Qe1 {[%clk 00:09:33]} {[%emt 00:03:27]} Bg6 {[%clk
00:06:35]} {[%emt 00:01:42]} 15. Qa5 {[%clk 00:07:12]} {[%emt 00:02:32]} O-O
{[%clk 00:05:07]} {[%emt 00:01:37]} 16. Qxb5 {[%clk 00:07:08]} {[%emt
00:00:16]} c3 {[%clk 00:05:14]} {[%emt 00:00:02]} 17. Nxg6 {[%clk 00:05:44]}
{[%emt 00:01:35]} hxg6 {[%clk 00:05:18]} {[%emt 00:00:04]} 18. bxc3 {[%clk
00:05:45]} {[%emt 00:00:09]} Nxc3 {[%clk 00:05:23]} {[%emt 00:00:05]} 19. Qd3
{[%clk 00:05:49]} {[%emt 00:00:06]} Qh4 {[%clk 00:04:09]} {[%emt 00:01:24]} 20.
g3 {[%clk 00:05:23]} {[%emt 00:00:37]} Qxd4 {[%clk 00:03:39]} {[%emt 00:00:39]}
21. Be3 {[%clk 00:03:48]} {[%emt 00:01:45]} Nxe2+ {[%clk 00:03:19]} {[%emt
00:00:30]} 22. Qxe2 {[%clk 00:03:57]} {[%emt 00:00:01]} Qe4 {[%clk 00:03:14]}
{[%emt 00:00:14]} 23. Rfd1 {[%clk 00:03:48]} {[%emt 00:00:20]} Be5 {[%clk
00:03:18]} {[%emt 00:00:06]} 24. Rac1 {[%clk 00:03:25]} {[%emt 00:00:33]} Nc6
{[%clk 00:02:44]} {[%emt 00:00:43]} 25. Rc4 {[%clk 00:02:58]} {[%emt 00:00:38]}
Nd4 {[%clk 00:02:20]} {[%emt 00:00:34]} 26. Rcxd4 {[%clk 00:03:03]} {[%emt
00:00:06]} Bxd4 {[%clk 00:02:28]} {[%emt 00:00:02]} 27. Rxd4 {[%clk 00:03:12]}
{[%emt 00:00:02]} Qb1+ {[%clk 00:02:34]} {[%emt 00:00:03]} 28. Qd1 {[%clk
00:03:18]} {[%emt 00:00:05]} Qf5 {[%clk 00:02:37]} {[%emt 00:00:07]} 29. Rd8
{[%clk 00:03:21]} {[%emt 00:00:06]} Rxd8 {[%clk 00:02:43]} {[%emt 00:00:03]} 30.
Qxd8+ {[%clk 00:03:30]} {[%emt 00:00:02]} Kh7 {[%clk 00:02:51]} {[%emt
00:00:01]} 31. Qh4+ {[%clk 00:03:36]} {[%emt 00:00:04]} Kg8 {[%clk 00:02:59]}
{[%emt 00:00:02]} 32. Qd8+ {[%clk 00:03:19]} {[%emt 00:00:28]} Kh7 {[%clk
00:03:07]} 33. Qd4 {[%clk 00:03:26]} {[%emt 00:00:03]} Qb1+ {[%clk 00:03:03]}
{[%emt 00:00:14]} 34. Kg2 {[%clk 00:03:34]} {[%emt 00:00:03]} Qb7+ {[%clk
00:03:09]} {[%emt 00:00:03]} 35. f3 {[%clk 00:03:36]} {[%emt 00:00:08]} Qb5
{[%clk 00:03:13]} {[%emt 00:00:04]} 36. Bf2 {[%clk 00:03:29]} {[%emt 00:00:19]}
Qb7 {[%clk 00:03:09]} {[%emt 00:00:13]} 37. Qa7 {[%clk 00:03:25]} {[%emt
00:00:15]} Qd5 {[%clk 00:02:59]} {[%emt 00:00:20]} 38. Qxf7 {[%clk 00:03:27]}
{[%emt 00:00:07]} g5 {[%clk 00:03:08]} {[%emt 00:00:03]} 39. Qh5+ {[%clk
00:03:33]} {[%emt 00:00:03]} Kg8 {[%clk 00:03:16]} {[%emt 00:00:02]} 40. Qe8+
{[%clk 00:03:40]} {[%emt 00:00:03]} Kh7 {[%clk 00:03:24]} {[%emt 00:00:01]} 41.
Qh5+ {[%clk 00:03:41]} {[%emt 00:00:10]} Kg8 {[%clk 00:03:33]} {[%emt
00:00:01]} 42. Qg4 {[%clk 00:03:49]} {[%emt 00:00:03]} Kf7 {[%clk 00:03:25]}
{[%emt 00:00:17]} 43. h3 {[%clk 00:03:39]} {[%emt 00:00:21]} Kg8 {[%clk
00:03:29]} {[%emt 00:00:05]} 44. Qe4 {[%clk 00:03:36]} {[%emt 00:00:13]} Qb3
{[%clk 00:03:07]} {[%emt 00:00:31]} 45. Qe3 {[%clk 00:03:25]} {[%emt 00:00:22]}
Qd5 {[%clk 00:03:13]} {[%emt 00:00:03]} 46. Qe4 {[%clk 00:03:29]} {[%emt
00:00:07]} Qb3 {[%clk 00:03:15]} {[%emt 00:00:07]} 47. Qg6 {[%clk 00:03:27]}
{[%emt 00:00:13]} Qd5 {[%clk 00:03:23]} {[%emt 00:00:02]} 48. Qe8+ {[%clk
00:03:35]} {[%emt 00:00:03]} Kh7 {[%clk 00:03:31]} {[%emt 00:00:02]} 49. Qa4
{[%clk 00:03:41]} {[%emt 00:00:03]} Kh6 {[%clk 00:02:59]} {[%emt 00:00:42]} 50.
Be3 {[%clk 00:03:47]} {[%emt 00:00:04]} Qd3 {[%clk 00:02:23]} {[%emt 00:00:47]}
51. Qh4+ {[%clk 00:03:52]} {[%emt 00:00:06]} Kg6 {[%clk 00:02:31]} {[%emt
00:00:02]} 52. Qxg5+ {[%clk 00:03:53]} {[%emt 00:00:09]} Kh7 {[%clk 00:02:37]}
{[%emt 00:00:03]} 53. Qh5+ {[%clk 00:03:57]} {[%emt 00:00:06]} Kg8 {[%clk
00:02:45]} {[%emt 00:00:02]} 54. Qe8+ {[%clk 00:04:04]} {[%emt 00:00:02]} Kh7
{[%clk 00:02:54]} {[%emt 00:00:02]} 55. Qh5+ {[%clk 00:04:04]} {[%emt
00:00:10]} Kg8 {[%clk 00:03:02]} {[%emt 00:00:01]} 56. Bf2 {[%clk 00:04:11]}
{[%emt 00:00:03]} Qe2 {[%clk 00:03:06]} {[%emt 00:00:05]} 57. Qe8+ {[%clk
00:04:13]} {[%emt 00:00:09]} Kh7 {[%clk 00:03:14]} {[%emt 00:00:01]} 58. Qa4
{[%clk 00:04:20]} {[%emt 00:00:03]} Kg8 {[%clk 00:03:21]} {[%emt 00:00:04]} 59.
Qe4 {[%clk 00:04:24]} {[%emt 00:00:06]} Qa2 {[%clk 00:03:28]} {[%emt 00:00:02]}
60. h4 {[%clk 00:04:27]} {[%emt 00:00:08]} Kh8 {[%clk 00:03:33]} {[%emt
00:00:04]} 61. g4 {[%clk 00:04:34]} {[%emt 00:00:04]} Kg8 {[%clk 00:03:39]}
{[%emt 00:00:04]} 62. Kg3 {[%clk 00:04:42]} {[%emt 00:00:02]} Kh8 {[%clk
00:03:43]} {[%emt 00:00:06]} 63. Qe5 {[%clk 00:04:46]} {[%emt 00:00:06]} Qb1
{[%clk 00:03:28]} {[%emt 00:00:24]} 64. Qh5+ {[%clk 00:04:46]} {[%emt
00:00:11]} Kg8 {[%clk 00:03:36]} {[%emt 00:00:02]} 65. Qe8+ {[%clk 00:04:54]}
{[%emt 00:00:02]} Kh7 {[%clk 00:03:44]} {[%emt 00:00:02]} 66. Qxe6 {[%clk
00:04:56]} {[%emt 00:00:08]} Qa1 {[%clk 00:03:49]} {[%emt 00:00:05]} 67. Qe4+
{[%clk 00:04:57]} {[%emt 00:00:10]} Kh8 {[%clk 00:03:50]} {[%emt 00:00:07]} 68.
Bd4 {[%clk 00:04:54]} {[%emt 00:00:15]} Qd1 {[%clk 00:03:35]} {[%emt 00:00:24]}
69. Qe8+ {[%clk 00:04:48]} {[%emt 00:00:16]} Kh7 {[%clk 00:03:43]} {[%emt
00:00:02]} 70. Qh5+ {[%clk 00:04:56]} {[%emt 00:00:02]} Kg8 {[%clk 00:03:51]}
{[%emt 00:00:02]} 71. Qd5+ {[%clk 00:05:03]} {[%emt 00:00:02]} Kh7 {[%clk
00:03:55]} {[%emt 00:00:05]} 72. Qf5+ {[%clk 00:05:08]} {[%emt 00:00:06]} Kg8
{[%clk 00:04:02]} {[%emt 00:00:03]} 73. Qe5 {[%clk 00:05:04]} {[%emt 00:00:14]}
Kf7 {[%clk 00:04:06]} {[%emt 00:00:07]} 74. Qxg7+ {[%clk 00:05:09]} {[%emt
00:00:04]} Ke8 {[%clk 00:04:09]} {[%emt 00:00:06]} 75. Qe5+ {[%clk 00:05:13]}
{[%emt 00:00:07]} Kf7 {[%clk 00:03:53]} {[%emt 00:00:25]} 76. h5 {[%clk
00:05:17]} {[%emt 00:00:06]} Qc2 {[%clk 00:03:49]} {[%emt 00:00:14]} 77. Qf5+
{[%clk 00:05:24]} {[%emt 00:00:05]} 1-0